City Space Landscape Design/ (Record no. 7983)

000 -LEADER
fixed length control field 00377nam a22001457a 4500
003 - CONTROL NUMBER IDENTIFIER
control field OSt
005 - DATE AND TIME OF LATEST TRANSACTION
control field 20200615110533.0
008 - FIXED-LENGTH DATA ELEMENTS--GENERAL INFORMATION
fixed length control field 200615b ||||| |||| 00| 0 eng d
020 ## - INTERNATIONAL STANDARD BOOK NUMBER
International Standard Book Number 9787561156964
082 ## - DEWEY DECIMAL CLASSIFICATION NUMBER
Classification number 301
Item number BEN
100 ## - MAIN ENTRY--PERSONAL NAME
Personal name BEN SHE,YI MING
245 ## - TITLE STATEMENT
Title City Space Landscape Design/
Remainder of title landscape and Architecture Design Series
250 ## - EDITION STATEMENT
Edition statement Chinese Edition
942 ## - ADDED ENTRY ELEMENTS (KOHA)
Source of classification or shelving scheme
Holdings
Withdrawn status Lost status Source of classification or shelving scheme Damaged status Koha normalized classification for sorting Not for loan Permanent location Current location Date acquired Full call number Barcode Date last seen Price effective from Koha item type Public note
        301_000000000000000_BEN   BMS College of Architecture, Design and Planning BMS College of Architecture, Design and Planning 2020-06-15 301 BEN AR-UG1627 2020-06-15 2020-06-15 UG Books S-09
Copyright © 2025, The Librarian, Library and Information Centre, BMSCA D&P, Bengaluru. All Rights Reserved
web counter

Powered by Koha